[Posudok recenzenta na Zborník z. 5. vedeckého seminára "Teória a prax v účtovníctve a audítorstve po vstupe SR do eurozóny"]

Saved in:
Bibliographic Details
Main Author: Soukupová, Božena
Format: Book Chapter
Language:Slovak
Tags: Add Tag
No Tags, Be the first to tag this record!

MARC

LEADER 00000naa$a2200000$$$4500
001 0094952
005 20240502072046.3
041 0 |a slo 
044 |a SK 
245 1 0 |a [Posudok recenzenta na Zborník z. 5. vedeckého seminára "Teória a prax v účtovníctve a audítorstve po vstupe SR do eurozóny"]  |c Božena Soukupová 
100 1 |a Soukupová, Božena